Foo Fighters: Albums by Cover - Statistics

General Stats
  • This quiz has been taken 36 times
  • The average score is 8 of 11
Answer Stats
Picture Hint Answer % Correct
1995 Foo Fighters
100%
1997 The Colour and the Shape
85%
2005 In Your Honor
78%
2002 One by One
78%
2017 Concrete and Gold
70%
2007 Echoes, Silence, Patience & Grace
70%
2014 Sonic Highways
70%
2011 Wasting Light
70%
2021 Medicine at Midnight
67%
1999 There Is Nothing Left to Lose
63%
2023 But Here We Are
52%
No matching quizzes found
Score Distribution
Percent of People with Each Score
Percentile by Number Answered
Your Score History
You have not taken this quiz